000 00433nam a2200157Ia 4500
003 IN-BaIIA
008 211028s9999 xx 000 0 eng d
040 _cIIA Library
080 _a551.510.5
_bBRO-III
245 0 _aProgress in radio science 1960-63
_bvol. 3
_cedited by Geoffery M. Brown
260 _aAmsterdam
_bElsevier
_c1965
300 _a196p.
650 _aIonosphere
700 _aBrown, Geoffrey M., ed.
_96836
942 _cBK
999 _c3841
_d3841